Termodinámica, teoría cinética y termodinámica estadística
Saved in:
| Main Authors: | , |
|---|---|
| Format: | Bog |
| Sprog: | spansk |
| Udgivet: |
Barcelona
Reverté
1980
|
| Udgivelse: | 2a. ed |
| Fag: | |
| Tags: |
Tilføj Tag
Ingen Tags, Vær først til at tagge denne postø!
|
MARC
| LEADER | 00000cam a2200000 a 4500 | ||
|---|---|---|---|
| 001 | UCX1957 | ||
| 003 | CL-VaPUC | ||
| 005 | 20241105094446.0 | ||
| 008 | 901204e19800000SP |||||||||||||||||spa|d | ||
| 999 | |c 223080 |d 223078 | ||
| 020 | |a 9788429141610 | ||
| 040 | |c Pontificia Universidad Católica de Valparaíso | ||
| 082 | 0 | 4 | |a 536.7 |b SEA |2 21 |
| 100 | 0 | |a Sears, Francis Weston |e author |9 317680 | |
| 245 | 1 | 0 | |a Termodinámica, teoría cinética y termodinámica estadística |
| 250 | |a 2a. ed | ||
| 260 | |a Barcelona |b Reverté |c 1980 | ||
| 300 | |a 522 p | ||
| 583 | |a last modification |c 20160907 09:17:44 |k Rodrigo Vera | ||
| 650 | 7 | |a Termodinámica |2 CL-VaPUC |9 260954 | |
| 650 | 7 | |a Teoría cinética |2 CL-VaPUC |9 263685 | |
| 650 | 7 | |a Entropía |9 262675 | |
| 650 | 7 | |a Termodinámica estadística |9 391891 | |
| 650 | 7 | |a Procesos de la termodinámica |9 893124 | |
| 700 | 0 | |a Salinger, Gerhard L |e author |9 317681 | |
| 942 | |c BK |2 ddc | ||
| 945 | |d 19901204 00:00:00 |a cmena | ||
| 952 | |0 0 |1 0 |4 0 |6 536_700000000000000_SEA_1980 |7 0 |8 A |9 218529 |a BIBCUR |b BIBCUR |d 2019-11-15 |i 2873397 |l 22 |m 6 |o 536.7 SEA 1980 |p 2873397 |r 2025-04-22 |s 2025-04-07 |w 2019-11-15 |y BK |k FIS | ||
| 952 | |0 0 |1 0 |4 0 |6 536_700000000000000_SEA_1980 |7 0 |8 A |9 218530 |a BIBCUR |b BIBCUR |d 2019-11-15 |i 4791665 |l 31 |m 13 |o 536.7 SEA 1980 |p 4791665 |q 2026-03-18 |r 2025-04-22 |s 2025-04-21 |w 2019-11-15 |y BK |k BCB | ||